000 00669nam a2200217Ia 4500
003 OSt
005 20220926014829.0
006 a|||||r|||| 00| 0
007 ta
008 220923b |||||||| |||| 00| 0 eng d
037 _cGeneral Book
040 _aRTL
_cRTL
_beng
041 _2eng
_aeng
082 _aX:3L.791.N6, K7/SC
100 _aFRANK Andre Gunder
245 0 _aCapitalism and underdevelopment in Latin America
_b Historical studies of chile and Brazil.
260 _aNew York
_bModern Reader
_c1969
300 _axxiii,344p.
_ccm.
942 _hX:3L.791.N6, K7/SC
_cGB
_2CC
999 _c629951
_d629951